W jakim klubie grają podani zawodnicy występujący na Euro 2024?... - Statystyki

Ogólne statystyki
  • Ten quiz został rozwiązany 65 razy
  • Średni wynik to 7 z 24
Statystyki odpowiedzi
Zawodnik Klub % Poprawnych
Leroy Sane Bayern Monachium
96%
Piotr Zieliński Napoli
80%
Olivier Giroud AC Milan
73%
Alvaro Morata Atletico Madryt
71%
Andrea Cambiaso Juventus
48%
John McGinn Aston Villa
46%
Radu Dragusin Tottenham
45%
Anthony Gordon Newcastle
38%
Donyell Malen Borrusia Dortmund
34%
Jan Vertonghen Anderlecht
32%
Remo Freuler Bologna
25%
Victor Kristiansen Bologna
25%
Marton Dardai Hertha Berlin
20%
Michael Gregoritsch SC Freiburg
20%
Milos Veljkovic Werder Brema
18%
Tomas Holes Slavia Praga
13%
Marin Pongracic Lecce
7%
Ivan Balliu Rayo Vallecano
7%
Norbert Gyomber Salernitana
7%
Merih Demiral Al Ahli SC
4%
Giorgi Kochorashvili Levante
2%
Cristiano Ronaldo Al Nassr Riyadh
0%
Timi Max Elsnik O. Ljubljana
0%
Sergiy Sydorchuk Wasterlo
0%
Nie znaleziono quizów pasujących do podanych kryteriów
Rozkład punktacji
Procent ludzi z każdym wynikiem
Percentyl według liczby udzielonych odpowiedzi
Twoja historia wyników
Nie rozwiązałeś tego quizu